Luciana Charting Songs (Billboard Hot Dance) - Statistics

General Stats
  • This quiz has been taken 10 times
  • The average score is 4 of 8
Answer Stats
Album Weeks On Peak Artist(s) Song % Correct
Non-Album Single 6 Weeks #35 Luciana & Nytrix Trouble
100%
Non-Album Single 8 Weeks #21 Tom Budin & Luciana X With U
100%
Non-Album Single 9 Weeks #22 Dave Aude ft. Luciana & Akon Electricity & Drums (Bad Boy)
50%
Non-Album Single 4 Weeks #33 GloVibes + Luciana One by One
50%
Non-Album Single 6 Weeks #30 Luciana U B the Bass
50%
Non-Album Single 5 Weeks #34 Luciana & Dave Aude Yeah Yeah 2017
50%
Non-Album Single 3 Weeks #41 Cazwell & Luciana Guess What?
0%
Non-Album Single 2 Weeks #14 Nari & Milani and Cristian Marchi ft. Luciana I Got My Eye on You
0%
No matching quizzes found
Score Distribution
Percent of People with Each Score
Percentile by Number Answered
Your Score History
You have not taken this quiz